000 00567nam a2200181Ia 4500
008 100921s9999 xx 000 0 und d
082 _b19284
_a891.463 थ 85
100 _aमंगेशकर गीता.
245 _aसौभाग्य.
260 _bप्रिया प्रकाशन, मुंबई.
_c1985
300 _a232
_b---
365 _b55
520 _aललित-कादंबरी.
630 _aसौभाग्य.
650 _aललित-कादंबरी.
730 _aसौभाग्य.
942 _cBOOK
999 _c768397
_d768394